| 000 | 01526cam a2200277 4500 | ||
|---|---|---|---|
| 008 | 031013n1995 000 0 eng u | ||
| 020 | _a0735514224 | ||
| 035 | _a(Sirsi) u123913 | ||
| 041 | _aeng | ||
| 050 |
_a692.80973 _c18 |
||
| 100 | _aSchwartzkopf, W. | ||
| 245 |
_aCalculating lost labor _bproductivity in construction claims |
||
| 260 |
_aNew York _bAspen _c1995 |
||
| 300 |
_axv, 247p. _c26cm. |
||
| 350 | _a175 | ||
| 520 | _aAdditional labour costs constitue the single largest element of most construction claims. This is generally caused by lost labour productivity. This book provides information on some of the studies from the past 30 years on construction productivity and attempts to provide practical guidelines on how these studies may be applied to practical situations. Subjects covered include: labour productivity defined; overtime and shift work; acceleration; the effect of change orders on productivity; productivity losses related to weather; learning curves; project characteristics that affect labour; project management impacts on productivity; nonwage labour costs; measuring productivity; predicting labour productivity losses and the presentation of productivity analyses. Also contains a table of cases. | ||
| 650 | _aUNITED STATES | ||
| 650 | _aPRODUCTIVITY | ||
| 650 | _aBUILT ENVIRONMENT | ||
| 650 | _aSHIFTWORK | ||
| 650 | _aWEATHER | ||
| 650 | _aMANAGEMENT-PROJECT MANAGEMENT | ||
| 650 | _aLABOUR COSTS | ||
| 690 | _aBUILDING AND CONSTRUCTION-ECONOMICS | ||
| 942 | _n0 | ||
| 999 |
_c103125 _d103125 |
||